000 00780nam a2200265Ia 4500
003 OSt
005 20220928121826.0
006 a|||||r|||| 00| 0
007 ta
008 220927b |||||||| |||| 00| 0 eng d
024 _a20605
037 _cTextual
040 _aSDCL
_cSDCL
_beng
041 _2eng
_aeng
082 _aD:81, P8
100 _aElmakias David Ed.
_9454348
245 0 _aNew computational methods in power system reliability
260 _aHidelberg
_bSpringer
_c2008
300 _axiii,404p.
_ccm.
490 _aStudies in computational intelligence. V111
650 _a Computer-Methods
_9454349
650 _aEngineering-Reliability-Computer
_9423916
942 _hD:81, P8
_cTEXL
_2CC
999 _c768133
_d768133